<?xml version="1.0" encoding="UTF-8"?>
<collection xmlns="http://www.loc.gov/MARC21/slim">
    <record>
        <controlfield tag="001">71063</controlfield>
        <controlfield tag="005">20200217133047.0</controlfield>
        <datafield tag="024" ind1="8" ind2=" ">
            <subfield code="2">sideral</subfield>
            <subfield code="a">106680</subfield>
        </datafield>
        <datafield tag="037" ind1=" " ind2=" ">
            <subfield code="a">ART-2015-106680</subfield>
        </datafield>
        <datafield tag="041" ind1=" " ind2=" ">
            <subfield code="a">spa</subfield>
        </datafield>
        <datafield tag="100" ind1=" " ind2=" ">
            <subfield code="0">(orcid)0000-0002-6596-2695</subfield>
            <subfield code="a">Albesa Pedrola, Elena</subfield>
            <subfield code="u">Universidad de Zaragoza</subfield>
        </datafield>
        <datafield tag="245" ind1=" " ind2=" ">
            <subfield code="a">La lengua en el bajo Aragón a principios del siglo xvii. Aproximación a la Concordia (1624)</subfield>
        </datafield>
        <datafield tag="260" ind1=" " ind2=" ">
            <subfield code="c">2015</subfield>
        </datafield>
        <datafield tag="506" ind1="0" ind2=" ">
            <subfield code="a">Access copy available to the general public</subfield>
            <subfield code="f">Unrestricted</subfield>
        </datafield>
        <datafield tag="520" ind1="3" ind2=" ">
            <subfield code="a">La Concordia (1624) es un acta notarial redactada entre la villa de Alcañiz y los entonces barrios de Valdealgorfa, Valjunquera, La Codoñera y Torrecilla (Teruel). Su objetivo es determinar una serie de normas de convivencia entre ellos. Este documento ofrece una buena oportunidad para observar los rasgos lingüísticos del habla de esta zona del Bajo Aragón a principios del siglo XVII. A pesar de que la castellanización de Aragón se desarrolló de manera decisiva a finales del siglo XV, todavía pueden documentarse en la Concordia huellas del aragonés medieval, sobre todo en lo que concierne al léxico, aunque también es posible registrar otros rasgos lingüísticos de raigambre aragonesa correspondientes a los niveles gráfico, fonético-fonológico y sintáctico. Asimismo, desde un punto de vista general de la lengua española, se destacarán ciertas peculiaridades quizá más sorprendentes, que derivan de su localización y datación.</subfield>
        </datafield>
        <datafield tag="540" ind1=" " ind2=" ">
            <subfield code="9">info:eu-repo/semantics/openAccess</subfield>
            <subfield code="a">by-nc-nd</subfield>
            <subfield code="u">http://creativecommons.org/licenses/by-nc-nd/3.0/es/</subfield>
        </datafield>
        <datafield tag="655" ind1=" " ind2="4">
            <subfield code="a">info:eu-repo/semantics/article</subfield>
            <subfield code="v">info:eu-repo/semantics/publishedVersion</subfield>
        </datafield>
        <datafield tag="710" ind1="2" ind2=" ">
            <subfield code="1">3010</subfield>
            <subfield code="2">567</subfield>
            <subfield code="a">Universidad de Zaragoza</subfield>
            <subfield code="b">Dpto. Lingüíst. Gral. e Hisp.</subfield>
            <subfield code="c">Área Lengua Española</subfield>
        </datafield>
        <datafield tag="773" ind1=" " ind2=" ">
            <subfield code="g">13 (2015), 20-31</subfield>
            <subfield code="p">Res diachronicae</subfield>
            <subfield code="t">Res diachronicae</subfield>
            <subfield code="x">1579-5977</subfield>
        </datafield>
        <datafield tag="856" ind1="4" ind2="1">
            <subfield code="u">https://resdiachronicae.files.wordpress.com/2015/12/5_albesa.pdf</subfield>
            <subfield code="z">Texto completo de la revista</subfield>
        </datafield>
        <datafield tag="856" ind1="4" ind2=" ">
            <subfield code="s">160282</subfield>
            <subfield code="u">http://zaguan.unizar.es/record/71063/files/texto_completo.pdf</subfield>
            <subfield code="y">Versión publicada</subfield>
        </datafield>
        <datafield tag="856" ind1="4" ind2=" ">
            <subfield code="s">98236</subfield>
            <subfield code="u">http://zaguan.unizar.es/record/71063/files/texto_completo.jpg?subformat=icon</subfield>
            <subfield code="x">icon</subfield>
            <subfield code="y">Versión publicada</subfield>
        </datafield>
        <datafield tag="909" ind1="C" ind2="O">
            <subfield code="o">oai:zaguan.unizar.es:71063</subfield>
            <subfield code="p">articulos</subfield>
            <subfield code="p">driver</subfield>
        </datafield>
        <datafield tag="951" ind1=" " ind2=" ">
            <subfield code="a">2020-02-17-12:41:36</subfield>
        </datafield>
        <datafield tag="980" ind1=" " ind2=" ">
            <subfield code="a">ARTICLE</subfield>
        </datafield>
    </record>

    
</collection>